[Event "Basses Vallees Angevines op 4th"]
[Site "Cantenay Epinard"]
[Date "2015.12.19"]
[Round "2"]
[White "Andre, Emmanuel"]
[Black "Legendre, Aurelien"]
[Result "1-0"]
[WhiteElo "1538"]
[BlackElo "1241"]
[PlyCount "69"]
[EventDate "2015.12.19"]
[EventType "swiss"]
[EventRounds "5"]
[EventCountry "FRA"]
[SourceTitle "EXT 2019"]
[Source "ChessBase"]
[SourceDate "2018.10.10"]
[SourceVersion "1"]
[SourceVersionDate "2018.10.10"]
[SourceQuality "1"]

1. d4 d5 2. Nf3 e6 3. Bf4 Nc6 4. h3 Nf6 5. e3 Bd6 6. Ne5 Bd7 7. Nxf7 Kxf7 8. Bg5 h6 9. Bh4 Rf8 10. c3 Kg8 11. Nd2 e5 12. Be2 exd4 13. exd4 Qe7 14. 0-0 Rae8 15. Bf3 g5 16. Bg3 Ne4 17. Re1 Bxg3 18. fxg3 Qf6 19. g4 Nxd2 20. Qxd2 Ne7 21. Rf1 c6 22. Bxd5+ Nxd5 23. Rxf6 Rxf6 24. c4 Ne3 25. d5 Nxc4 26. Qd4 Rf4 27. Qxa7 Bxg4 28. hxg4 Rxg4 29. Qf2 Ne3 30. Re1 Rge4 31. dxc6 bxc6 32. Qf6 Ng4 33. Qg6+ Kf8 34. Rxe4 Rxe4 35. Qxe4 1-0

[Event "Basses Vallees Angevines op 4th"]
[Site "Cantenay Epinard"]
[Date "2015.12.19"]
[Round "5"]
[White "Darniere, Simon"]
[Black "Andre, Emmanuel"]
[Result "0-1"]
[WhiteElo "1199"]
[BlackElo "1538"]
[PlyCount "74"]
[EventDate "2015.12.19"]
[EventType "swiss"]
[EventRounds "5"]
[EventCountry "FRA"]
[SourceTitle "EXT 2019"]
[Source "ChessBase"]
[SourceDate "2018.10.10"]
[SourceVersion "1"]
[SourceVersionDate "2018.10.10"]
[SourceQuality "1"]

1. e4 c5 2. Nf3 Nc6 3. Nc3 Nf6 4. d4 cxd4 5. Nxd4 a6 6. Nxc6 bxc6 7. Bc4 e6 8. 0-0 h6 9. Bf4 Be7 10. Re1 0-0 11. e5 Nh7 12. Bd3 Rb8 13. b3 Bb7 14. Qg4 Bg5 15. Re3 Bxf4 16. Qxf4 f5 17. exf6 Rxf6 18. Qg4 c5 19. Rh3 Qf8 20. f3 Ng5 21. Rh4 Rxf3 22. Ne4 Bxe4 23. Bxe4 Rf6 24. Qe2 Qd6 25. Bd3 Rbf8 26. Qd2 Qd5 27. Qe2 Rf2 28. Qg4 R8f4 29. Bxa6 Rxg4 30. Rxg4 Rf5 31. Bd3 Ne4 32. Rxe4 Rg5 33. g3 Re5 34. Rxe5 Qxe5 35. Rb1 g5 36. b4 cxb4 37. Rxb4 Qc5+ 0-1

[Event "Basses Vallees Angevines op 4th"]
[Site "Cantenay Epinard"]
[Date "2015.12.19"]
[Round "3"]
[White "Giua, Louka"]
[Black "Andre, Emmanuel"]
[Result "0-1"]
[WhiteElo "1169"]
[BlackElo "1538"]
[PlyCount "68"]
[EventDate "2015.12.19"]
[EventType "swiss"]
[EventRounds "5"]
[EventCountry "FRA"]
[SourceTitle "EXT 2019"]
[Source "ChessBase"]
[SourceDate "2018.10.10"]
[SourceVersion "1"]
[SourceVersionDate "2018.10.10"]
[SourceQuality "1"]

1. e4 c5 2. Nc3 Nc6 3. g3 e6 4. Bg2 Nf6 5. d3 h6 6. f4 d6 7. Nf3 Be7 8. h3 0-0 9. Be3 Nh5 10. g4 Nf6 11. 0-0 Nh7 12. Qe1 e5 13. f5 Nd4 14. Bxd4 cxd4 15. Nd5 Bd7 16. Nxe7+ Qxe7 17. Qg3 Rac8 18. Rac1 Bc6 19. h4 f6 20. h5 d5 21. Nh4 Be8 22. exd5 b6 23. Rfe1 Bf7 24. Qf2 Rfe8 25. c3 dxc3 26. Rxc3 Qd7 27. Qf3 Ng5 28. Qg3 Bxd5 29. Rec1 Rxc3 30. Rxc3 e4 31. dxe4 Bxe4 32. Bxe4 Nxe4 33. Rc7 Qd1+ 34. Kg2 Nxg3 0-1